000 00904cam a2200241 4500
001 ABS64104
008 000000n2001 000 0 eng u
035 _a(Sirsi) u113360
100 _aMadine, V.
245 3 _aAn inspector calls
260 _c2001
490 _aBuilding
_v266(8190) 22 June 2001, 44-46(3)
520 _aOutlines the importance of due diligence for companies investigating the value of a business prior to making an acquisition. The entire accounting, commercial and legal features of a company should be examined, including the underlying value and risk involved in any contracts and the state of the company's pension fund. Case studies.
590 _aABS
650 _aACQUISITIONS
650 _aDUE DILIGENCE
650 _aPENSION FUNDS
650 _aRISK
650 _aValuation
_96273
650 _aVALUE
690 _aMANAGEMENT-BUSINESS MANAGEMENT
942 _n0
999 _c67535
_d67535